[Event "DVM U20w 2018"]
[Site "Osnabrück GER"]
[Date "2018.12.27"]
[Round "2"]
[White "Li, Zhuoling"]
[Black "Rudolph, Eva"]
[Result "1-0"]
[Termination "normal"]
[Board "1.1"]
[WhiteTitle "WFM"]
[WhiteElo "2076"]
[BlackElo "1796"]
[WhiteClock "00:04:15"]
[BlackClock "00:06:00"]
[WhiteTeam "SV Stuttgart-Wolfbusch"]
[BlackTeam "Düsseldorfer SK"]
[PlyCount "143"]
[WhiteFideId "8605629"]
[BlackFideId "16200594"]
[EventCountry "GER"]
[EventRounds "7"]
[EventType "team-swiss"]
[EventDate "2018.12.26"]

1. e4 { [%clk 1:30:56]}  1... e5 { [%clk 1:30:52]}  2. Nf3 { [%clk 1:31:20]}
2... Nf6 { [%clk 1:31:16]}  3. Nxe5 { [%clk 1:31:45]}  3... d6 { [%clk
1:31:41]}  4. Nf3 { [%clk 1:32:10]}  4... Nxe4 { [%clk 1:32:06]}  5. Nc3 {
[%clk 1:32:34]}  5... Nxc3 6. dxc3 { [%clk 1:33:00]}  6... Be7 { [%clk
1:32:11]}  7. Be3 { [%clk 1:33:24]}  7... Nc6 { [%clk 1:31:26]}  8. Qd2 { [%clk
1:33:49]}  8... Be6 { [%clk 1:31:34]}  9. O-O-O { [%clk 1:34:33]}  9... Qd7 {
[%clk 1:31:39]}  10. Kb1 Bf6 11. h4 { [%clk 1:26:32]}  11... a6 { [%clk
1:25:57]}  12. Bg5 Bxg5 { [%clk 1:14:31]}  13. hxg5 { [%clk 1:18:46]}  13...
O-O-O { [%clk 0:53:53]}  14. Qf4 { [%clk 1:23:37]}  14... Bf5 { [%clk 1:00:15]}
15. Nh4 { [%clk 1:13:32]}  15... Bg6 16. g3 { [%clk 1:13:00]}  16... Kb8 {
[%clk 0:55:51]}  17. Bh3 { [%clk 1:09:29]}  17... Qe7 { [%clk 0:42:40]}  18.
Rhe1 Qf8 { [%clk 0:42:40]}  19. Bg2 { [%clk 1:09:29]}  19... Ne7 { [%clk
0:35:04]}  20. Qb4 { [%clk 1:09:29]}  20... c6 { [%clk 0:35:04]}  21. Rxd6 {
[%clk 1:09:29]}  21... Nd5 { [%clk 0:35:04]}  22. Rxd8+ { [%clk 1:09:29]} 22...
Qxd8 { [%clk 0:35:04]}  23. Bxd5 { [%clk 1:13:32]}  23... Qxd5 { [%clk
0:35:04]}  24. Qf4+ { [%clk 1:13:32]}  24... Ka8 { [%clk 0:20:17]}  25. Nxg6 {
[%clk 1:13:32]}  25... hxg6 { [%clk 0:20:17]}  26. b3 { [%clk 1:13:32]}  26...
Rh1 { [%clk 0:20:17]}  27. Rxh1 { [%clk 1:13:32]}  27... Qxh1+ { [%clk
0:20:17]}  28. Kb2 { [%clk 1:13:32]}  28... Qd5 { [%clk 0:20:17]}  29. c4 {
[%clk 1:13:32]}  29... Qe6 { [%clk 0:20:17]}  30. Qd4 { [%clk 1:13:32]}  30...
f6 { [%clk 0:20:17]}  31. gxf6 { [%clk 1:13:32]}  31... gxf6 { [%clk 0:20:17]}
32. c5 { [%clk 1:13:32]}  32... Qf5 { [%clk 0:20:17]}  33. a4 { [%clk 1:13:32]}
33... Kb8 { [%clk 0:20:17]}  34. Qd6+ { [%clk 1:13:32]}  34... Kc8 { [%clk
0:20:17]}  35. f4 g5 36. fxg5 { [%clk 0:35:54]}  36... fxg5 { [%clk 0:07:42]}
37. b4 { [%clk 0:33:34]}  37... Qg4 { [%clk 0:07:42]}  38. Kb3 { [%clk
0:33:34]}  38... Qf3+ { [%clk 0:07:42]}  39. Qd3 { [%clk 0:07:28]}  39... Qf7+
40. c4 { [%clk 0:30:33]}  40... Qe6 41. Qf3 { [%clk 0:30:33]}  41... Kc7 42. g4
{ [%clk 0:30:33]}  42... Qe5 43. Qd3 { [%clk 0:30:33]}  43... Qe6 44. Qd4 {
[%clk 0:30:33]}  44... Kc8 45. Qh8+ { [%clk 0:30:33]}  45... Kd7 46. Qg7+ {
[%clk 0:30:33]}  46... Qe7 47. Qd4+ { [%clk 0:30:33]}  47... Kc7 48. b5 { [%clk
0:30:33]}  48... axb5 { [%clk 0:14:39]}  49. axb5 { [%clk 0:30:33]}  49... Qe6
{ [%clk 0:14:39]}  50. Ka3 { [%clk 0:22:24]}  50... cxb5 { [%clk 0:14:39]}  51.
cxb5 { [%clk 0:22:24]}  51... Qg6 { [%clk 0:14:39]}  52. Qe5+ { [%clk 0:22:24]}
52... Kd7 { [%clk 0:12:52]}  53. Qd5+ { [%clk 0:22:24]}  53... Kc8 54. Kb4 Qf6
55. Ka5 { [%clk 0:02:49]}  55... Qc3+ { [%clk 0:07:51]}  56. Kb6 { [%clk
0:03:07]}  56... Qf6+ { [%clk 0:07:50]}  57. Qd6 { [%clk 0:02:43]}  57... Qg7 {
[%clk 0:07:42]}  58. Qe6+ { [%clk 0:01:03]}  58... Kd8 { [%clk 0:07:39]}  59.
Qd6+ { [%clk 0:00:53]}  59... Kc8 { [%clk 0:07:56]}  60. c6 { [%clk 0:01:22]}
60... bxc6 { [%clk 0:03:47]}  61. Qxc6+ { [%clk 0:01:22]}  61... Kd8 { [%clk
0:03:47]}  62. Qa8+ { [%clk 0:01:22]}  62... Ke7 { [%clk 0:03:47]}  63. Qb7+ {
[%clk 0:01:22]}  63... Kf6 { [%clk 0:03:47]}  64. Qxg7+ { [%clk 0:01:22]} 64...
Kxg7 { [%clk 0:03:47]}  65. Kc6 { [%clk 0:01:22]}  65... Kf6 { [%clk 0:03:47]} 
66. b6 { [%clk 0:01:22]}  66... Ke5 { [%clk 0:03:47]}  67. b7 { [%clk 0:04:15]}
 67... Kf4 { [%clk 0:06:00]}  68. b8=Q+ { [%clk 0:04:15]} 68... Kxg4 { [%clk
0:06:00]}  69. Kd5 { [%clk 0:04:15]}  69... Kh3 { [%clk 0:06:00]}  70. Ke4 {
[%clk 0:04:15]}  70... g4 { [%clk 0:06:00]}  71. Kf4 { [%clk 0:04:15]}  71...
g3 { [%clk 0:06:00]}  72. Qb3 { [%clk 0:04:15]}   1-0

[Event "DVM U20w 2018"]
[Site "Osnabrück GER"]
[Date "2018.12.27"]
[Round "2"]
[White "Sokolowski, Judith"]
[Black "Ley, Sabrina"]
[Result "1/2-1/2"]
[Termination "normal"]
[Board "1.2"]
[WhiteElo "1589"]
[BlackElo "1829"]
[WhiteClock "00:01:49"]
[BlackClock "00:02:42"]
[WhiteTeam "Düsseldorfer SK"]
[BlackTeam "SV Stuttgart-Wolfbusch"]
[PlyCount "66"]
[WhiteFideId "16200624"]
[BlackFideId "12938130"]
[EventCountry "GER"]
[EventRounds "7"]
[EventType "team-swiss"]
[EventDate "2018.12.26"]

1. e4 { [%clk 1:30:58]}  1... d5 { [%clk 1:30:55]}  2. exd5 { [%clk 1:31:21]}
2... Qxd5 { [%clk 1:31:23]}  3. Nc3 { [%clk 1:31:43]}  3... Qd6 { [%clk
1:31:50]}  4. d4 { [%clk 1:32:01]}  4... Nf6 { [%clk 1:32:13]}  5. Nf3 { [%clk
1:30:08]}  5... a6 { [%clk 1:32:31]}  6. Bd3 { [%clk 1:28:47]}  6... Nc6 {
[%clk 1:32:51]}  7. Ne4 Nxe4 { [%clk 1:30:14]}  8. Bxe4 { [%clk 1:27:01]}  8...
Bg4 { [%clk 1:26:44]}  9. c3 O-O-O { [%clk 1:22:13]}  10. h3 { [%clk 1:10:17]}
10... Bh5 { [%clk 1:09:07]}  11. Be3 { [%clk 0:44:30]}  11... e5 { [%clk
0:54:25]}  12. dxe5 { [%clk 0:37:03]}  12... Nxe5 { [%clk 0:41:17]}  13. Qxd6 {
[%clk 0:32:02]}  13... Bxd6 { [%clk 0:41:17]}  14. Nxe5 { [%clk 0:32:02]} 14...
Bxe5 { [%clk 0:41:17]}  15. Bf5+ { [%clk 0:32:02]}  15... Kb8 { [%clk 0:41:17]}
 16. g4 { [%clk 0:32:02]}  16... Bg6 { [%clk 0:41:17]}  17. Bxg6 { [%clk
0:32:02]}  17... hxg6 { [%clk 0:41:17]}  18. Ke2 { [%clk 0:17:40]}  18... f5 {
[%clk 0:30:01]}  19. Rad1 { [%clk 0:16:25]}  19... Rde8 { [%clk 0:25:27]} 20.
Kf3 { [%clk 0:11:26]}  20... Ref8 { [%clk 0:20:58]}  21. Rd5 { [%clk 0:11:26]} 
21... Bd6 { [%clk 0:20:58]}  22. Rd2 { [%clk 0:06:02]}  22... Rh4 { [%clk
0:14:56]}  23. gxf5 { [%clk 0:05:26]}  23... gxf5 { [%clk 0:13:45]}  24. Bg5 {
[%clk 0:05:26]}  24... Rh5 { [%clk 0:13:45]}  25. h4 { [%clk 0:05:26]} 25...
Re8 { [%clk 0:13:45]}  26. Re2 { [%clk 0:05:26]}  26... Rhh8 { [%clk 0:13:45]} 
27. Rhe1 { [%clk 0:05:26]}  27... Rxe2 { [%clk 0:13:45]}  28. Rxe2 { [%clk
0:05:26]}  28... Kc8 { [%clk 0:13:45]}  29. Re6 { [%clk 0:05:26]}  29... Kd7 {
[%clk 0:13:45]}  30. Rg6 { [%clk 0:01:37]}  30... Be5 { [%clk 0:02:09]} 31. Bf4
{ [%clk 0:01:28]}  31... Bf6 { [%clk 0:02:14]}  32. Bg5 Be5 { [%clk 0:02:42]} 
33. Bf4 { [%clk 0:01:49]}  33... Bf6  1/2-1/2

[Event "DVM U20w 2018"]
[Site "Osnabrück GER"]
[Date "2018.12.27"]
[Round "2"]
[White "Kobald, Jacqueline"]
[Black "Garbuz, Nicole"]
[Result "1/2-1/2"]
[Termination "normal"]
[Board "1.3"]
[WhiteElo "1797"]
[BlackElo "1666"]
[WhiteClock "00:30:29"]
[BlackClock "00:31:16"]
[WhiteTeam "SV Stuttgart-Wolfbusch"]
[BlackTeam "Düsseldorfer SK"]
[PlyCount "50"]
[WhiteFideId "12988162"]
[BlackFideId "12990701"]
[EventCountry "GER"]
[EventRounds "7"]
[EventType "team-swiss"]
[EventDate "2018.12.26"]

1. e4 { [%clk 1:30:56]}  1... e5 { [%clk 1:30:55]}  2. Nf3 { [%clk 1:31:21]}
2... Nc6 { [%clk 1:31:19]}  3. Bb5 { [%clk 1:31:45]}  3... a6 { [%clk 1:31:25]}
4. Ba4 { [%clk 1:32:10]}  4... Nge7 { [%clk 1:31:37]}  5. Nc3 { [%clk 1:30:56]}
 5... g6 { [%clk 1:31:43]}  6. d4 { [%clk 1:30:39]}  6... exd4 { [%clk
1:31:54]}  7. Nd5 { [%clk 1:30:21]}  7... Bg7 { [%clk 1:31:58]}  8. Bg5 { [%clk
1:29:11]}  8... h6 { [%clk 1:31:10]}  9. Bf6 { [%clk 1:28:20]}  9... Bxf6 {
[%clk 1:31:23]}  10. Nxf6+ { [%clk 1:28:44]}  10... Kf8 { [%clk 1:31:43]} 11.
O-O { [%clk 1:24:56]}  11... Kg7 { [%clk 1:10:37]}  12. Nd5 { [%clk 1:17:07]} 
12... Re8 { [%clk 1:10:43]}  13. Nxd4 { [%clk 1:12:00]}  13... Nxd5 { [%clk
1:05:08]}  14. Nxc6 { [%clk 1:11:35]}  14... dxc6 { [%clk 1:04:20]} 15. exd5 {
[%clk 1:11:37]}  15... b5 { [%clk 1:04:21]}  16. Bb3 { [%clk 1:04:51]}  16...
cxd5 { [%clk 1:02:59]}  17. Bxd5 { [%clk 1:01:58]}  17... Rb8 { [%clk 1:00:42]}
 18. Qf3 { [%clk 0:59:36]}  18... Qf6 { [%clk 0:20:05]}  19. Rfe1 { [%clk
0:59:31]}  19... Qxf3 { [%clk 0:49:56]}  20. Bxf3 { [%clk 0:59:31]}  20... Bf5
{ [%clk 0:49:56]}  21. c3 { [%clk 0:47:09]}  21... Rbd8 { [%clk 0:42:51]}  22.
Rxe8 { [%clk 0:47:09]}  22... Rxe8 { [%clk 0:42:51]}  23. h3 { [%clk 0:47:09]} 
23... Be4 { [%clk 0:42:51]}  24. Re1 { [%clk 0:30:29]} 24... Bc6 { [%clk
0:31:16]}  25. Rxe8 Bxe8  1/2-1/2

[Event "DVM U20w 2018"]
[Site "Osnabrück GER"]
[Date "2018.12.27"]
[Round "2"]
[White "Paulweber, Lara Maria"]
[Black "Liu, Sijia Anna"]
[Result "1/2-1/2"]
[Termination "normal"]
[Board "1.4"]
[WhiteElo "1483"]
[BlackElo "1607"]
[WhiteClock "00:33:51"]
[BlackClock "00:51:52"]
[WhiteTeam "Düsseldorfer SK"]
[BlackTeam "SV Stuttgart-Wolfbusch"]
[PlyCount "50"]
[WhiteFideId "12954411"]
[BlackFideId "12989746"]
[EventCountry "GER"]
[EventRounds "7"]
[EventType "team-swiss"]
[EventDate "2018.12.26"]

1. e4 { [%clk 1:30:57]}  1... c5 { [%clk 1:30:48]}  2. Nc3 { [%clk 1:31:22]}
2... Nc6 { [%clk 1:31:06]}  3. f4 { [%clk 1:31:31]}  3... g6 { [%clk 1:31:11]}
4. Nf3 { [%clk 1:31:40]}  4... Bg7 { [%clk 1:31:23]}  5. Bc4 { [%clk 1:31:35]}
5... e6 { [%clk 1:31:37]}  6. d3 { [%clk 1:28:53]}  6... Nge7 { [%clk 1:30:27]}
7. O-O { [%clk 1:23:10]}  7... O-O { [%clk 1:29:26]}  8. Qe1 { [%clk 1:19:11]}
8... d5 { [%clk 1:24:45]}  9. Bb5 { [%clk 1:12:37]}  9... a6 { [%clk 1:25:02]}
10. Bxc6 { [%clk 1:12:57]}  10... Nxc6 { [%clk 1:21:53]}  11. e5 { [%clk
1:00:23]}  11... b5 { [%clk 1:20:31]}  12. a3 { [%clk 0:55:59]}  12... Bb7 {
[%clk 1:15:52]}  13. Ne2 { [%clk 0:52:38]}  13... Rc8 { [%clk 1:07:50]}  14. d4
{ [%clk 0:52:10]}  14... cxd4 15. Nexd4 { [%clk 0:52:30]}  15... Nxd4 { [%clk
1:06:52]}  16. Nxd4 { [%clk 0:47:45]}  16... Re8 { [%clk 1:02:20]}  17. c3 {
[%clk 0:45:15]}  17... f6 { [%clk 1:01:35]}  18. exf6 { [%clk 0:45:15]}  18...
Bxf6 { [%clk 1:01:35]}  19. Be3 { [%clk 0:45:15]}  19... e5 { [%clk 1:01:35]}
20. fxe5 { [%clk 0:37:33]}  20... Bxe5 { [%clk 0:55:46]}  21. Qf2 { [%clk
0:37:05]}  21... Rf8 { [%clk 0:55:46]}  22. Qxf8+ { [%clk 0:37:05]}  22... Qxf8
{ [%clk 0:55:46]}  23. Rxf8+ { [%clk 0:33:51]}  23... Rxf8 { [%clk 0:51:52]}
24. g3 { [%clk 0:33:51]}  24... Bc8 { [%clk 0:51:52]}  25. Rf1 { [%clk
0:33:51]}  25... Rxf1+ { [%clk 0:51:52]}   1/2-1/2

[Event "DVM U20w 2018"]
[Site "Osnabrück GER"]
[Date "2018.12.27"]
[Round "2"]
[White "Bashylina, Luisa"]
[Black "Wiesner, Paula"]
[Result "0-1"]
[Termination "normal"]
[Board "2.1"]
[WhiteTitle "WCM"]
[WhiteElo "1846"]
[BlackElo "1966"]
[WhiteClock "00:09:33"]
[BlackClock "00:33:59"]
[WhiteTeam "SG Solingen"]
[BlackTeam "SC Borussia Lichtenberg"]
[PlyCount "56"]
[WhiteFideId "12983292"]
[BlackFideId "24654019"]
[EventCountry "GER"]
[EventRounds "7"]
[EventType "team-swiss"]
[EventDate "2018.12.26"]

1. e4 { [%clk 1:30:58]}  1... e6 { [%clk 1:30:57]}  2. d3 { [%clk 1:31:14]}
2... c5 { [%clk 1:30:42]}  3. g3 { [%clk 1:30:41]}  3... g6 { [%clk 1:29:50]}
4. Bg2 { [%clk 1:30:29]}  4... Bg7 { [%clk 1:29:23]}  5. Ne2 { [%clk 1:29:25]}
5... Ne7 { [%clk 1:29:10]}  6. O-O { [%clk 1:28:53]}  6... O-O { [%clk
1:26:55]}  7. c3 { [%clk 1:24:56]}  7... e5 { [%clk 1:23:58]}  8. Be3 { [%clk
1:22:08]}  8... d6 { [%clk 1:24:01]}  9. Qd2 { [%clk 1:19:08]}  9... f5 { [%clk
1:19:05]}  10. Bh6 { [%clk 1:13:42]}  10... Nbc6 { [%clk 1:19:05]}  11. Bxg7 {
[%clk 1:13:42]}  11... Kxg7 { [%clk 1:15:32]}  12. Na3 { [%clk 1:12:08]}  12...
Be6 { [%clk 1:06:23]}  13. f4 { [%clk 1:01:41]}  13... d5 { [%clk 0:58:02]} 14.
Qc2 { [%clk 1:01:01]}  14... dxe4 { [%clk 0:58:02]}  15. dxe4 { [%clk 1:01:01]}
 15... c4 { [%clk 0:58:02]}  16. Rad1 { [%clk 1:01:01]}  16... Qb6+ { [%clk
0:58:02]}  17. Kh1 { [%clk 0:43:39]}  17... Rad8 { [%clk 0:52:18]}  18. Nb1 {
[%clk 0:43:39]}  18... fxe4 { [%clk 0:52:18]}  19. Bxe4 { [%clk 0:43:39]} 19...
Nf5 { [%clk 0:52:18]}  20. Rxd8 { [%clk 0:43:39]}  20... Rxd8 { [%clk 0:52:18]}
 21. Qc1 { [%clk 0:43:39]}  21... Ne3 { [%clk 0:52:18]}  22. Re1 { [%clk
0:43:39]}  22... Ng4 { [%clk 0:52:18]}  23. Ng1 { [%clk 0:12:55]}  23... Nf2+
24. Kg2 { [%clk 0:12:52]}  24... Nxe4 { [%clk 0:38:51]}  25. Rxe4 { [%clk
0:12:52]}  25... Bd5 { [%clk 0:38:51]}  26. Qc2 { [%clk 0:09:33]}  26... Qe3 {
[%clk 0:33:59]}  27. Nd2 { [%clk 0:09:33]}  27... Bxe4+ { [%clk 0:33:59]}  28.
Nxe4 { [%clk 0:09:33]}  28... Rd3 { [%clk 0:33:59]}   0-1

[Event "DVM U20w 2018"]
[Site "Osnabrück GER"]
[Date "2018.12.27"]
[Round "2"]
[White "Berelowitsch, Dana"]
[Black "Wagner, Swenja"]
[Result "0-1"]
[Termination "normal"]
[Board "2.3"]
[WhiteElo "1769"]
[BlackElo "1749"]
[WhiteClock "00:24:23"]
[BlackClock "00:30:10"]
[WhiteTeam "SG Solingen"]
[BlackTeam "SC Borussia Lichtenberg"]
[PlyCount "118"]
[WhiteFideId "12977144"]
[BlackFideId "12900494"]
[EventCountry "GER"]
[EventRounds "7"]
[EventType "team-swiss"]
[EventDate "2018.12.26"]

1. e4 { [%clk 1:30:58]}  1... e5 { [%clk 1:30:54]}  2. Nf3 { [%clk 1:31:24]}
2... Nc6 { [%clk 1:31:19]}  3. Bb5 { [%clk 1:31:49]}  3... a6 { [%clk 1:31:41]}
4. Ba4 { [%clk 1:32:14]}  4... b5 { [%clk 1:31:56]}  5. Bb3 { [%clk 1:32:37]}
5... Nf6 { [%clk 1:32:11]}  6. O-O { [%clk 1:32:48]}  6... Bc5 { [%clk
1:32:01]}  7. Nxe5 { [%clk 1:30:58]}  7... Nxe5 { [%clk 1:30:26]}  8. d4 {
[%clk 1:26:53]}  8... Qe7 { [%clk 1:03:17]}  9. dxc5 { [%clk 1:24:19]}  9...
Qxc5 { [%clk 1:02:14]}  10. Be3 { [%clk 1:20:38]}  10... Qc6 { [%clk 0:48:58]}
11. Nc3 { [%clk 1:02:26]}  11... Nc4 { [%clk 0:29:31]}  12. Nd5 { [%clk
0:48:08]}  12... Bb7 { [%clk 0:29:31]}  13. Bf4 { [%clk 0:48:08]}  13... d6 {
[%clk 0:29:31]}  14. Re1 { [%clk 0:48:08]}  14... Kf8 { [%clk 0:29:31]}  15.
Nxf6 { [%clk 0:48:08]}  15... gxf6 { [%clk 0:17:39]}  16. Qf3 { [%clk 0:34:56]}
16... Re8 { [%clk 0:17:30]}  17. Bh6+ { [%clk 0:34:01]}  17... Ke7 { [%clk
0:16:28]}  18. Bg7 { [%clk 0:33:18]}  18... Rhg8 { [%clk 0:16:49]}  19. Qxf6+ {
[%clk 0:31:04]}  19... Kd7 { [%clk 0:16:27]}  20. Qf5+ { [%clk 0:30:16]}  20...
Ke7 { [%clk 0:16:54]}  21. Qf6+ { [%clk 0:30:16]}  21... Kd7 { [%clk 0:16:54]}
22. Qxf7+ { [%clk 0:30:16]}  22... Kc8 { [%clk 0:16:54]}  23. a4 { [%clk
0:25:12]}  23... Kb8 { [%clk 0:17:08]}  24. axb5 { [%clk 0:25:12]}  24... axb5
{ [%clk 0:17:08]}  25. Ba2 { [%clk 0:10:11]}  25... Qc5 { [%clk 0:16:55]}  26.
Bxc4 { [%clk 0:08:20]}  26... bxc4 { [%clk 0:13:38]}  27. Qf6 { [%clk 0:06:47]}
27... Bxe4 { [%clk 0:13:38]}  28. b3 { [%clk 0:06:47]}  28... cxb3 { [%clk
0:13:38]}  29. cxb3 { [%clk 0:06:47]}  29... Qh5 { [%clk 0:13:38]}  30. Qd4 {
[%clk 0:00:44]}  30... Qg6 { [%clk 0:06:21]}  31. f3 { [%clk 0:00:41]}  31...
Bxf3 { [%clk 0:06:39]}  32. Rxe8+ { [%clk 0:00:43]}  32... Rxe8 { [%clk
0:04:51]}  33. g3 { [%clk 0:00:39]}  33... Qc2 { [%clk 0:04:07]}  34. Qf2 {
[%clk 0:00:34]}  34... Qxb3 { [%clk 0:03:24]}  35. Rf1 { [%clk 0:00:37]}  35...
Bc6 { [%clk 0:03:24]}  36. Rc1 { [%clk 0:00:37]}  36... Qd5 { [%clk 0:03:24]}
37. Qb2+ { [%clk 0:00:37]}  37... Kc8 { [%clk 0:03:24]}  38. Rxc6 { [%clk
0:00:37]}  38... Qxc6 { [%clk 0:03:24]}  39. Qf2 { [%clk 0:00:37]}  39... Qc1+
{ [%clk 0:03:24]}  40. Kg2 { [%clk 0:00:37]}  40... Qe1 { [%clk 0:03:24]}  41.
Qf5+ { [%clk 0:00:37]}  41... Qe6 { [%clk 0:03:24]}  42. Qa5 { [%clk 0:00:37]}
42... Qe2+ { [%clk 0:03:24]}  43. Kg1 { [%clk 0:00:37]}  43... Qe1+ { [%clk
0:03:24]}  44. Qxe1 { [%clk 0:00:37]}  44... Rxe1+ { [%clk 0:03:24]}  45. Kf2 {
[%clk 0:00:37]}  45... Re7 { [%clk 0:03:24]}  46. Bc3 { [%clk 0:00:37]}  46...
c5 { [%clk 0:03:24]}  47. Ba5 { [%clk 0:00:37]}  47... d5 { [%clk 0:03:24]} 48.
Bb6 { [%clk 0:00:37]}  48... c4 { [%clk 0:03:24]}  49. Bd4 { [%clk 0:00:37]} 
49... Re4 { [%clk 0:03:24]}  50. Bb2 { [%clk 0:27:45]}  50... d4 { [%clk
0:30:25]}  51. Bc1 { [%clk 0:24:23]}  51... d3 { [%clk 0:30:10]}  52. Be3 {
[%clk 0:24:23]}  52... Rxe3 { [%clk 0:30:10]}  53. Kxe3 { [%clk 0:24:23]} 53...
Kd7 { [%clk 0:30:10]}  54. g4 { [%clk 0:24:23]}  54... Kd6 { [%clk 0:30:10]} 
55. h3 { [%clk 0:24:23]}  55... h6 { [%clk 0:30:10]}  56. Kd2 { [%clk 0:24:23]}
 56... Kd5 { [%clk 0:30:10]}  57. h4 { [%clk 0:24:23]}  57... Ke4 { [%clk
0:30:10]}  58. h5 { [%clk 0:24:23]}  58... Kf4 { [%clk 0:30:10]} 59. g5 { [%clk
0:24:23]}  59... Kxg5 { [%clk 0:30:10]}   0-1

[Event "DVM U20w 2018"]
[Site "Osnabrück GER"]
[Date "2018.12.27"]
[Round "2"]
[White "Fricke, Edna Marlene"]
[Black "Sereda, Yaroslava"]
[Result "0-1"]
[Termination "normal"]
[Board "2.4"]
[WhiteElo "1390"]
[BlackElo "1570"]
[WhiteClock "00:19:38"]
[BlackClock "00:30:21"]
[WhiteTeam "SC Borussia Lichtenberg"]
[BlackTeam "SG Solingen"]
[PlyCount "110"]
[WhiteFideId "12988839"]
[BlackFideId "14178940"]
[EventCountry "GER"]
[EventRounds "7"]
[EventType "team-swiss"]
[EventDate "2018.12.26"]

1. e4 { [%clk 1:30:57]}  1... c6 { [%clk 1:30:34]}  2. d3 { [%clk 1:30:00]}
2... d5 { [%clk 1:30:45]}  3. Nc3 { [%clk 1:28:59]}  3... e5 { [%clk 1:30:16]}
4. f4 { [%clk 1:25:35]}  4... exf4 { [%clk 1:18:04]}  5. Bxf4 { [%clk 1:24:44]}
5... dxe4 { [%clk 1:16:24]}  6. Nxe4 { [%clk 1:24:05]}  6... Nf6 { [%clk
1:10:11]}  7. Qe2 { [%clk 1:17:30]}  7... Nxe4 { [%clk 1:08:17]}  8. Qxe4+ {
[%clk 1:16:55]}  8... Be6 { [%clk 1:04:52]}  9. O-O-O { [%clk 1:14:15]}  9...
Bd6 { [%clk 0:59:53]}  10. Re1 { [%clk 1:09:58]}  10... Qc7 { [%clk 0:58:23]}
11. g3 { [%clk 1:02:40]}  11... Nd7 { [%clk 0:57:55]}  12. Bh3 { [%clk
0:58:28]}  12... Nc5 { [%clk 0:55:50]}  13. Qd4 { [%clk 0:50:36]}  13... O-O-O
{ [%clk 0:52:23]}  14. Bxe6+ { [%clk 0:50:36]}  14... Nxe6 { [%clk 0:52:23]}
15. Bxd6 { [%clk 0:50:36]}  15... Nxd4 { [%clk 0:52:23]}  16. Bxc7 { [%clk
0:50:36]}  16... Kxc7 { [%clk 0:52:23]}  17. Nh3 { [%clk 0:50:36]}  17... f6 {
[%clk 0:52:23]}  18. Re7+ { [%clk 0:50:36]}  18... Rd7 { [%clk 0:52:23]}  19.
Rhe1 { [%clk 0:50:36]}  19... Kd6 { [%clk 0:52:23]}  20. R7e4 { [%clk 0:50:36]}
20... c5 { [%clk 0:52:23]}  21. Nf4 { [%clk 0:50:36]}  21... Nc6 { [%clk
0:38:03]}  22. Ne6 { [%clk 0:19:25]}  22... Ne5 { [%clk 0:35:21]}  23. Nf4 {
[%clk 0:18:04]}  23... Re8 { [%clk 0:35:08]}  24. d4 { [%clk 0:17:41]}  24...
cxd4 { [%clk 0:35:07]}  25. Rxd4+ { [%clk 0:15:46]}  25... Kc6 { [%clk
0:35:31]}  26. Rxd7 { [%clk 0:15:46]}  26... Kxd7 { [%clk 0:35:31]}  27. Rd1+ {
[%clk 0:15:46]}  27... Kc6 { [%clk 0:35:31]}  28. b3 { [%clk 0:15:46]}  28...
Nf3 { [%clk 0:35:31]}  29. h3 { [%clk 0:15:46]}  29... Re5 { [%clk 0:35:31]}
30. Kb2 { [%clk 0:15:46]}  30... Ng5 { [%clk 0:35:31]}  31. Rd3 { [%clk
0:15:46]}  31... Ne6 { [%clk 0:35:31]}  32. Nxe6 { [%clk 0:15:46]}  32... Rxe6
{ [%clk 0:35:31]}  33. Kc3 { [%clk 0:15:46]}  33... Re5 { [%clk 0:35:31]}  34.
Kd2 { [%clk 0:15:46]}  34... b5 { [%clk 0:35:31]}  35. a3 { [%clk 0:15:46]}
35... Re4 { [%clk 0:10:24]}  36. b4 { [%clk 0:02:38]}  36... f5 { [%clk
0:09:58]}  37. Rf3 { [%clk 0:02:17]}  37... g6 { [%clk 0:02:59]}  38. h4 {
[%clk 0:01:21]}  38... Rd4+ { [%clk 0:02:59]}  39. Rd3 { [%clk 0:01:21]}  39...
Kd5 { [%clk 0:02:59]}  40. c3 { [%clk 0:01:21]}  40... Rxd3+ { [%clk 0:02:59]}
41. Kxd3 { [%clk 0:01:21]}  41... a6 { [%clk 0:02:59]}  42. a4 { [%clk
0:01:21]}  42... h6 { [%clk 0:02:59]}  43. axb5 { [%clk 0:01:21]}  43... axb5 {
[%clk 0:02:59]}  44. c4+ { [%clk 0:01:21]}  44... bxc4+ { [%clk 0:02:59]}  45.
Kc3 { [%clk 0:01:21]}  45... g5 { [%clk 0:30:21]}  46. b5 { [%clk 0:19:38]}
46... Kc5 { [%clk 0:30:21]}  47. b6 { [%clk 0:19:38]}  47... Kxb6 { [%clk
0:30:21]}  48. Kxc4 { [%clk 0:19:38]}  48... Kc6 { [%clk 0:30:21]}  49. hxg5 {
[%clk 0:19:38]}  49... hxg5 { [%clk 0:30:21]}  50. Kd4 { [%clk 0:19:38]}  50...
Kd6 { [%clk 0:30:21]}  51. Ke3 { [%clk 0:19:38]}  51... Ke5 { [%clk 0:30:21]}
52. Kf3 { [%clk 0:19:38]}  52... Kd4 { [%clk 0:30:21]}  53. g4 { [%clk
0:19:38]}  53... f4 { [%clk 0:30:21]}  54. Kf2 { [%clk 0:19:38]}  54... Ke4 {
[%clk 0:30:21]}  55. Ke2 { [%clk 0:19:38]}  55... f3+ { [%clk 0:30:21]}   0-1